Представление документа в формате RUSMARC

ПолеНазваниеЗначение
  Тип записи a
  Библиографический уровень m
001 Контрольный номер 421833e02a344340bb31879655d65de6
005 Дата корректировки 20201206205213.7
010 Индекс ISBN __
a ISBN 5-93243-075-3
d Цена 250-00, 500 экз.
100 Данные общей обработки __
a Данные общей обработки 19191017d2003||||||| 0|||y0189 ca
101 Язык документа 0_
a Язык текста rus
102 Страна публикации __
a Страна публикации ru
102 Страна публикации __
a Страна публикации RU
105 Кодированные данные (монография) __
a Кодированные данные (монография) |||||||||||zy
200 Заглавие и сведения об ответственности 1_
a Заглавие Психология детского словесного творчества
f Первые сведения об ответственности В. Б. Хозиев, М. В. Хозиева, И. П. Грехова [и др.] ; под редакцией В. Б. Хозиева ; Министерство образования Российской Федерации, Сургутский государственный университет, Факультет психологии
b Общее обозначение материала Текст
210 Выходные данные __
a Место издания Сургут
c Издательство Дефис
d Дата издания 2003
215 Физическое описание __
a Объем 392, [1] с.
d Формат 21 см
320 Библиография __
a Библиография Библиография: с. 361-378 (266 названий)
330 Аннотация __
a Аннотация Приведенные в монографии исследования объединяет общность взглядов на природу словесности, деликатные отношения к становящимся ее формам и неотвратимая воля к формированию пролегоменов словесного творчества у детей. Принадлежность авторов к общей психологической школе делает этот ряд исследований целостными и взаимодополняющим, преемственным и целестремительным, а сходство эстетических позиций позволяет, сохраняя вариативность словесного экспериментального материала, прослеживать господство умного Слова в различных периодах детства. В практическом отношении в монографии представлен опыт построения различных форм обучения словесности в условиях принятой дошкольной, школьной и подростнической нормы развития, а также в условиях отклонения от нее. Монография предназначена для всех интересующихся становлением детского словесного творчества, психологов, педагогов, философов, родителей.
606 Тематические рубрики __
a Основная рубрика Литературоведение
606 Тематические рубрики __
a Основная рубрика Психология
606 Тематические рубрики __
a Основная рубрика Теория литературы
606 Тематические рубрики __
a Основная рубрика Педагогическая психология взрослых
610 Ключевые слова __
a Ключевые слова словесное творчество
610 Ключевые слова __
a Ключевые слова детское словесное творчество
610 Ключевые слова __
a Ключевые слова детская психология
610 Ключевые слова __
a Ключевые слова психология словесного творчества
610 Ключевые слова __
a Ключевые слова детская речь
610 Ключевые слова __
a Ключевые слова психология обучения
610 Ключевые слова __
a Ключевые слова дошкольники
610 Ключевые слова __
a Ключевые слова младшие школьники
610 Ключевые слова __
a Ключевые слова подростки
610 Ключевые слова __
a Ключевые слова стихосложение
610 Ключевые слова __
a Ключевые слова поэтика
610 Ключевые слова __
a Ключевые слова стихотворная речь
610 Ключевые слова __
a Ключевые слова метафоры
610 Ключевые слова __
a Ключевые слова метонимия
610 Ключевые слова __
a Ключевые слова обучение словесному творчеству
610 Ключевые слова __
a Ключевые слова детские стихи
610 Ключевые слова __
a Ключевые слова детские стихотворения
686 Индексы других классификаций __
2 Код системы rubbks
a Классификационный индекс 88.621
686 Индексы других классификаций __
2 Код системы rubbks
a Классификационный индекс 83.01
701 Альтернативная интеллектуальная ответственность _1
a Фамилия Хозиев
b Имя В. Б.
g Полное личное имя Вадим Борисович
4 Код отношения 070
4 Код отношения 340
701 Альтернативная интеллектуальная ответственность _1
a Фамилия Хозиева
b Имя М. В.
g Полное личное имя Марина Владимировна
4 Код отношения 070
701 Альтернативная интеллектуальная ответственность _1
a Фамилия Грехова
b Имя И. П.
g Полное личное имя Ирина Петровна
4 Код отношения 070
701 Альтернативная интеллектуальная ответственность _1
a Фамилия Иванчихина
b Имя Е. В.
4 Код отношения 070
701 Альтернативная интеллектуальная ответственность _1
a Фамилия Самойлова
b Имя М. В.
f Даты 1973-
g Полное личное имя Майя Владимировна
4 Код отношения 070
711 Наименование организации. (Альтернативная ответственность) __
a Организация/ юрисдикция Российская Федерация
b Другие уровни Министерство образования
711 Наименование организации. (Альтернативная ответственность) __
a Организация/ юрисдикция Сургутский государственный университет
801 Источник записи _0
a Страна ru
b Организация Муниципальное бюджетное учреждение культуры "Централизованная библиотечная система" г. Сургут (Центральная городская библиотека им. А. С. Пушкина)
c Дата составления 20191017
g Правила каталогизации PSBO
801 Источник записи _1
a Страна ru
b Организация Муниципальное бюджетное учреждение культуры "Централизованная библиотечная система" г. Сургут (Центральная городская библиотека им. А. С. Пушкина)
c Дата составления 20191017
g Правила каталогизации PSBO
852 Данные о местонахождении __
j Шифр хранения 88.621
i Авторский знак П 86
901 Тип документа __
t Тип документа m
a Ответственный КиК/Котельникова
903 Характеристики (МАРС) __
a Дата передачи 20191017
990 Данные о заказе (DOS) __
j Количество экземпляров (DOS) 1
t N записи в КСУ для И/У (DOS) 201910